00907nam a22002657a 450000500170000001000130001702000250003003500130005503700160006804000120008408200160009624500750011224600060018726000360019327000440022930000260027349000480029950000190034765000460036665000310041270000220044394200250046599900190049095201320050920170124105911.0 aB-168443 a978031322945c950.00 aB-168443 bCen Lib/Ret aDPLbEN a020.23bEXP aExpectations of librarians in the 21 century /cedited by Karl Bridges b  bGreenwood Pressc2003aWestport a88, Post Road West bWestporteCT 06881 axiv, 235p.c22cm(pbk) aThe greenwood library management collection aincludes index aLibrary sciencesxVocational guidence919 aLibrariansxEmployment920 aBridges, Karl923 2ddccENh020.23mEXP c122519d122519 001040718REFaLbLd2015-05-27eCen Lib/Retg950.00l0o020.23 EXPpB-168443r2015-05-27 00:00:00t1v950.00w2015-05-27yEN